MyGZULibrary

Reducing inequalities : (Record no. 2499)

MARC details
000 -LEADER
fixed length control field 01719cam a2200481 i 4500
001 - CONTROL NUMBER
control field 18036925
003 - CONTROL NUMBER IDENTIFIER
control field GZU
005 - DATE AND TIME OF LATEST TRANSACTION
control field 20201102131931.0
007 - PHYSICAL DESCRIPTION FIXED FIELD--GENERAL INFORMATION
fixed length control field ta
008 - FIXED-LENGTH DATA ELEMENTS--GENERAL INFORMATION
fixed length control field 130510s2013 ii ab g b 000 0 eng d
010 ## - LIBRARY OF CONGRESS CONTROL NUMBER
LC control number 2013319379
020 ## - INTERNATIONAL STANDARD BOOK NUMBER
International Standard Book Number 9788179935309 (paperback)
025 ## - OVERSEAS ACQUISITION NUMBER
Overseas acquisition number I-E-2013-319379; 49-90
035 ## - SYSTEM CONTROL NUMBER
System control number (OCoLC)ocn844240195
035 ## - SYSTEM CONTROL NUMBER
System control number (OCoLC)844240195
037 ## - SOURCE OF ACQUISITION
Stock number Library of Congress -- New Delhi Overseas Office
040 ## - CATALOGING SOURCE
Original cataloging agency DKAGE
Language of cataloging eng
Description conventions rda
Transcribing agency DKAGE
Modifying agency DLC
041 1# - LANGUAGE CODE
Language code of text/sound track or separate title eng
Language code of original fre
042 ## - AUTHENTICATION CODE
Authentication code lccopycat
-- lcode
050 00 - LIBRARY OF CONGRESS CALL NUMBER
Classification number HM 821
Item number GEN 2013
082 04 - DEWEY DECIMAL CLASSIFICATION NUMBER
Classification number 305
Edition number 23
245 00 - TITLE STATEMENT
Title Reducing inequalities :
Remainder of title a sustainable development challenge /
Statement of responsibility, etc. Rémi Genevey, Rajendra K. Pachauri, Laurence Tubiana.
264 #1 - PRODUCTION, PUBLICATION, DISTRIBUTION, MANUFACTURE, AND COPYRIGHT NOTICE
Place of production, publication, distribution, manufacture Delhi :
Name of producer, publisher, distributor, manufacturer TERI,
Date of production, publication, distribution, manufacture, or copyright notice 2013.
300 ## - PHYSICAL DESCRIPTION
Extent 271 pages :
Other physical details color illustrations, color maps ;
Dimensions 23 cm
336 ## - CONTENT TYPE
Content type term text
Content type code txt
Source rdacontent
337 ## - MEDIA TYPE
Media type term unmediated
Media type code n
Source rdamedia
338 ## - CARRIER TYPE
Carrier type term volume
Carrier type code nc
Source rdacarrier
490 0# - SERIES STATEMENT
Series statement Planet for life
500 ## - GENERAL NOTE
General note "Agence Française de Dévelopment, IDDRI."
504 ## - BIBLIOGRAPHY, ETC. NOTE
Bibliography, etc. note Includes bibliographical references.
650 #0 - SUBJECT ADDED ENTRY--TOPICAL TERM
Topical term or geographic name entry element Sustainable development
General subdivision Political aspects.
650 #0 - SUBJECT ADDED ENTRY--TOPICAL TERM
Topical term or geographic name entry element Equality.
650 #0 - SUBJECT ADDED ENTRY--TOPICAL TERM
Topical term or geographic name entry element Income distribution.
700 1# - ADDED ENTRY--PERSONAL NAME
Personal name Genevey, Rémi,
Relator term editor.
700 1# - ADDED ENTRY--PERSONAL NAME
Personal name Pachauri, R. K.,
Relator term editor.
700 1# - ADDED ENTRY--PERSONAL NAME
Personal name Tubiana, Laurence,
Relator term editor.
710 2# - ADDED ENTRY--CORPORATE NAME
Corporate name or jurisdiction name as entry element Energy and Resources Institute.
710 2# - ADDED ENTRY--CORPORATE NAME
Corporate name or jurisdiction name as entry element Agence française de développement.
710 2# - ADDED ENTRY--CORPORATE NAME
Corporate name or jurisdiction name as entry element Institut du développement durable et des relations internationales.
906 ## - LOCAL DATA ELEMENT F, LDF (RLIN)
a 7
b cbc
c copycat
d 3
e ncip
f 20
g y-gencatlg
942 ## - ADDED ENTRY ELEMENTS (KOHA)
Source of classification or shelving scheme Library of Congress Classification
Koha item type Books
Classification part 821
Item part GEN
Call number prefix HM
Holdings
Withdrawn status Lost status Damaged status Not for loan Collection code Home library Current library Shelving location Date acquired Inventory number Total Checkouts Full call number Barcode Date last seen Copy number Price effective from Koha item type
        Non-fiction City Campus Library City Campus Library General Stacks 11/02/2020 19232   HM 821 GEN 2013 002688 11/02/2020 c.1 11/02/2020 Books